000 00401nam a22001577a 4500
005 20260209111705.0
008 260209b |||||||| |||| 00| 0 eng d
020 _a9789331324498
050 _aTS1306.A1
_b.M34
100 _aMAHAPATRA, M.N
245 _aTEXTILE TECHNOLOGY
260 _aNEW-DELHI
_bAPH Publishing Corporation
_c2024
300 _axv, 254p.
_billus.
650 _aTextile
942 _cBK
999 _c4515
_d4515